| 000 | 00559cam a2200229 4500 | ||
|---|---|---|---|
| 001 | B2605 | ||
| 008 | 090401t1989 xxu||||| |||| 00| 0 eng d | ||
| 035 | _a(Sirsi) u51123 | ||
| 041 | _aeng | ||
| 050 | _a711.552094 | ||
| 110 |
_aDebenham Tewson and Chinnocks _93135 |
||
| 245 | _a1992: the retail dimension | ||
| 260 |
_aLondon _bDebenham Tewson and Chinnocks _c1989 |
||
| 300 | _a10p. ; 30cm. | ||
| 350 | _a140 | ||
| 490 | _aSpecial Report | ||
| 650 | _aEUROPE | ||
| 650 | _aSHOPS | ||
| 650 | _aSINGLE MARKET | ||
| 942 | _n0 | ||
| 948 | _c04/03/1997 | ||
| 999 |
_c92822 _d92822 |
||